| 000 | 00681cam a2200229 a 4500 | ||
|---|---|---|---|
| 001 | 3545019 | ||
| 005 | 20180215041753.0 | ||
| 008 | 970908s1998 nyua r 001 0 eng | ||
| 010 | _a 97041166 | ||
| 020 | _a1556706316 | ||
| 040 |
_aDLC _cDLC _dDLC |
||
| 041 | _aeng | ||
| 043 | _an-us--- | ||
| 080 | _a745.4029473 JUD | ||
| 082 | 0 | 0 |
_a745.4029473 JUD _221 |
| 100 | 1 | _a48 | |
| 101 | _aEDU | ||
| 245 | 1 | 4 |
_aThe style sourcebook / _cJudith Miller. |
| 906 |
_a7 _bcbc _corignew _d1 _eocip _f19 _gy-gencatlg |
||
| 942 |
_2ddc _cBK |
||
| 999 |
_c42605 _d42605 |
||